13-я пятилетка (2016-2020 гг.) - важнейший этап построения в Китае общества малого благоденствия "сяокан" (Запись № 11411728)

Подробности
000 -МАРКЕР
контрольное поле 02968nam0a2200409 4500
001 - ИДЕНТИФИКАТОР ЗАПИСИ
контрольное поле RU\NLR\BIBL_A\011706292
005 - ИДЕНТИФИКАТОР ВЕРСИИ
контрольное поле 20211206102210.0
010 ## - МЕЖДУНАРОДНЫЙ СТАНДАРТНЫЙ НОМЕР КНИГИ (ISBN)
Номер (ISBN) 978-5-8381-0331-4
Тираж 500
021 ## - НОМЕР ГОСУДАРСТВЕННОЙ РЕГИСТРАЦИИ
Код страны российская федерация
Номер КН-П-18-2026
Номер Листа государственной регистраци КН-П-18-027795
035 ## - ДРУГИЕ СИСТЕМНЫЕ НОМЕРА
Идентификатор записи (NLR Aleph) 011706292
035 ## - ДРУГИЕ СИСТЕМНЫЕ НОМЕРА
Идентификатор записи (RuMoRGB)009605375
100 ## - ДАННЫЕ ОБЩЕЙ ОБРАБОТКИ
Данные общей обработки 20180517d2018 k y0rusy50 ca
101 0# - ЯЗЫК РЕСУРСА
Язык текста, звукозаписи и т.д. русский
Язык резюме английский
102 ## - СТРАНА ПУБЛИКАЦИИ ИЛИ ПРОИЗВОДСТВА
Страна публикации российская федерация
105 ## - ПОЛЕ КОДИРОВАННЫХ ДАННЫХ: ТЕКСТОВЫЕ МАТЕРИАЛЫ, МОНОГРАФИЧЕСКИЕ
Кодированные данные о монографическом текстовом документе a|||z|||000zy
200 1# - ЗАГЛАВИЕ И СВЕДЕНИЯ ОБ ОТВЕТСТВЕННОСТИ
Основное заглавие 13-я пятилетка (2016-2020 гг.) - важнейший этап построения в Китае общества малого благоденствия "сяокан"
Сведения, относящиеся к заглавию [сборник статей]
Первые сведения об ответственности Российская академия наук, Федеральное государственное бюджетное учреждение науки Институт Дальнего Востока Институт Дальнего Востока Российской академии наук, Центр социально-экономических исследований Китая
Последующие сведения об ответственности [сост.: П.Б. Каменнов
-- ответственный редактор: д.э.н., проф. А.В. Островский]
210 ## - ПУБЛИКАЦИЯ, РАСПРОСТРАНЕНИЕ И ДР.
Место издания, распространения и т.д. Москва
Имя издателя, распространителя и т. д. ИДВ РАН
Дата издания, распространения и т.д. 2018
215 ## - ФИЗИЧЕСКАЯ ХАРАКТЕРИСТИКА
Специфическое обозначение материала и объем 303 с.
Другие сведения о физической характеристике ил., табл.
Размеры 20
300 ## - ОБЩИЕ ПРИМЕЧАНИЯ
Текст примечания Рез. англ.
320 ## - ПРИМЕЧАНИЯ О НАЛИЧИИ В ДОКУМЕНТЕ БИБЛИОГРАФИИ / УКАЗАТЕЛЯ
Текст примечания Библиогр. в примеч. в конце ст. и в тексте
517 1# - ДРУГИЕ ВАРИАНТЫ ЗАГЛАВИЯ
Вариант заглавия Тринадцатая пятилетка (2016-2020 гг.) - важнейший этап построения в Китае общества малого благоденствия "сяокан"
607 ## - ГЕОГРАФИЧЕСКОЕ НАИМЕНОВАНИЕ КАК ПРЕДМЕТ
Географическое наименование Китайская Народная Республика
Тематический подзаголовок Народное хозяйство
Формальный подзаголовок Сборники
Код системы nlr_sh1
-- nlr_sh2
Идентификатор авторитетной/нормативной записи RU\NLR\AUTH\66114359
607 ## - ГЕОГРАФИЧЕСКОЕ НАИМЕНОВАНИЕ КАК ПРЕДМЕТ
Географическое наименование Китайская Народная Республика
Тематический подзаголовок Народное хозяйство
-- Прогнозирование
Формальный подзаголовок Сборники
Код системы nlr_sh2
Идентификатор авторитетной/нормативной записи RU\NLR\AUTH\661352940
686 ## - ИНДЕКСЫ ДРУГИХ КЛАССИФИКАЦИЙ
Индекс У9(5Кит)0я43
Код системы
686 1# - ИНДЕКСЫ ДРУГИХ КЛАССИФИКАЦИЙ
Индекс У03(5Кит)7я43
686 1# - ИНДЕКСЫ ДРУГИХ КЛАССИФИКАЦИЙ
Индекс У23(5Кит)038я43
702 #1 - ИМЯ ЛИЦА - ВТОРИЧНАЯ ОТВЕТСТВЕННОСТЬ
Начальный элемент ввода Каменнов
Часть имени, кроме начального элемента ввода П. Б.
Расширение инициалов личного имени Павел Борисович
Код отношения Составитель
702 #1 - ИМЯ ЛИЦА - ВТОРИЧНАЯ ОТВЕТСТВЕННОСТЬ
Начальный элемент ввода Островский
Часть имени, кроме начального элемента ввода А. В.
Дополнения к именам, кроме дат д-р экон. наук
Даты 1949-
Расширение инициалов личного имени Андрей Владимирович
Идентификатор авторитетной/нормативной записи RU\NLR\AUTH\770236870
Код отношения Редактор
711 02 - НАИМЕНОВАНИЕ ОРГАНИЗАЦИИ - АЛЬТЕРНАТИВНАЯ ОТВЕТСТВЕННОСТЬ
Начальный элемент ввода Институт Дальнего Востока
Идентифицирующий признак Москва
Структурное подразделение Центр социально-экономических исследований Китая
-- Научная конференция
Дата проведения временной организации 2017
Идентификатор авторитетной/нормативной записи RU\NLR\AUTH\880471846
712 02 - НАИМЕНОВАНИЕ ОРГАНИЗАЦИИ - ВТОРИЧНАЯ ОТВЕТСТВЕННОСТЬ
Начальный элемент ввода Институт Дальнего Востока
Идентифицирующий признак Москва
Структурное подразделение Центр социально-экономических исследований Китая
Идентификатор авторитетной/нормативной записи RU\NLR\AUTH\880471847
Код отношения Прочие
942 ## - ДОПОЛНИТЕЛЬНЫЕ ЭЛЕМЕНТЫ ЗАПИСИ (АБИС)
Тип экземпляра АБИС Книга
980 ## - КОЛЛЕКЦИЯ
Название коллекции НБР
980 ## - КОЛЛЕКЦИЯ
Название коллекции Национальная библиография

Нет доступных экземпляров.